000 00760nam a22001457a 4500
999 _c527030
_d527030
008 240730b ||||| |||| 00| 0 eng d
100 _aChoudhury, Suchitra
_946829
245 _aBook Review: Amit Kumar, precious threads and precarious lives: Histories of shawl and silk industries of Kashmir, 1846–1950
260 _aThe Indian Economic and Social History Review
300 _a61(2), Apr-Jun, 2024: p.279-281
520 _aAmit Kumar, Precious Threads and Precarious Lives: Histories of Shawl and Silk Industries of Kashmir, 1846–1950 (Routledge, 2022), 163 pp.- Reproduced https://journals.sagepub.com/doi/full/10.1177/00194646241236357
773 _aThe Indian Economic and Social History Review
906 _aBOOK REVIEW
942 _cAR